Statistics for Countries, US States, Capitals, Elements, 100 Most Common Words: Starting with R

Click here to take the quiz!

General Stats

  • This quiz has been taken 8,561 times
  • The average score is 11 of 21

Answer Stats

ANSWER% Correct
Rwanda
85%
Russia
81%
Rhode Island
80%
Romania
79%
Rome
71%
Radium
63%
Riga
60%
Radon
60%
Rabat
56%
Riyadh
55%
Reykjavík
54%
Rhodium
51%
Raleigh
45%
Rubidium
45%
Richmond
43%
Rutherfordium
43%
Roseau
40%
Rhenium
38%
Ruthenium
38%
Roentgenium
30%
Republic of the Congo
28%

Score Distribution

Percentile by Number Answered

Percent of People with Each Score

Your Score History

You have not taken this quiz